00438nam a2200157Ia 4500003000400000005001700004008004100021020001800062040000900080082001800089100002600107245007200133260004600205300000900251650002000260OSt20200512111829.0190216s9999||||xx |||||||||||||| ||und|| a9789839154276 coclc a297.12bALA/S aAl-A Zami, M Mustafa  0aStudies In Hadith Methodology And Literature /cM Mustafa Al-A Zami bIslamic Book Trust,c2002.aKuala Lumpur: a155p aIslamic History